000 00706nam a2200181 a 4500
005 20140513081047.0
008 020924s19uu xx 00 eng d
020 _aCJ001228001
050 _aVCD
_bJo83 1999
245 _aJoseph and the amazing technicolor dreamcoat.
260 _aCubao, Quezon City :
_bMagnavision Home Video,
_c1999.
300 _a1:16 mins approx.
500 _aMotion picture
520 _aA lively and colourful journey through Ancient Egypt, Joseph and the amazing technicolor dreamcoat follows the rags to riches story of Joseph, his eleven brothers and the coat of many colours.
650 _aAncient Egypt-historical.
650 _aJoseph-prince of Egypt.
999 _c116176
_d116176